(The) Illustrated Encyclopaedia of Mankind (Record no. 6550)

000 -LEADER
fixed length control field 00311nam a2200121Ia 4500
008 - FIXED-LENGTH DATA ELEMENTS--GENERAL INFORMATION
fixed length control field 201216s9999 xx 000 0 und d
100 ## - MAIN ENTRY--PERSONAL NAME
Personal name Carlisle, Charles (Ed.)
245 #0 - TITLE STATEMENT
Title (The) Illustrated Encyclopaedia of Mankind
260 ## - PUBLICATION, DISTRIBUTION, ETC.
Place of publication, distribution, etc. New York
Name of publisher, distributor, etc. Marshal Cavendish
300 ## - PHYSICAL DESCRIPTION
Extent 659
490 ## - SERIES STATEMENT
Volume/sequential designation Vol.5
942 ## - ADDED ENTRY ELEMENTS (KOHA)
Koha item type Books
Holdings
Withdrawn status Lost status Damaged status Not for loan Permanent Location Date acquired Full call number Barcode Date last seen Price effective from Koha item type
        IMU Kolkata 2020-12-16 306.0321 C283 PM01599 2020-12-16 2020-12-16 Books
Designed and Maintained by IMU-KC Library, Kolkata Campus © Copyright All Rights Reserved

webs counters

Powered by Koha